| 000 | 00497nam a2200169 a 4500 | ||
|---|---|---|---|
| 005 | 20140412111330.0 | ||
| 008 | 030206s19uu xx 00 eng d | ||
| 020 | _a1-58279-012-4 | ||
| 050 |
_aTR(GS 372.7 _bMu954 19_? |
||
| 245 |
_aMultiplication tables : _bwith re-usable stickers. |
||
| 260 |
_aNaples, Fl : _bTrident Press International. |
||
| 300 | _a1 v. (unp.) ; ill. | ||
| 440 | _aFun to Learn | ||
| 650 | _aTimes tables | ||
| 650 | _aMathematics--Study and teaching | ||
| 999 |
_c104870 _d104870 |
||